Návrh riešenia ergonomickej racionalizácie vo vybraných prevádzkach podniku ELSTER s. r.o. Stará Turá

Enregistré dans:
Détails bibliographiques
Auteur principal: Puvák, Ľudovít, 1985- (Auteur)
Autres auteurs: Hatiar, Karol, 1949- (Directeur de thèse)
Format: Manuscrit Livre
Langue:slovaque
Publié: STU v Bratislave MTF UPMK, 2010
Sujets:
Accès en ligne:VAIS
Tags: Ajouter un tag
Pas de tags, Soyez le premier à ajouter un tag!

MARC

LEADER 00000ntm a22000003a 4500
001 stu206641
005 20160719160243.8
008 100707s2010------------------------slo-d
040 |a STU  |b slo 
041 0 |a slo 
100 1 |a Puvák, Ľudovít,  |d 1985-  |4 aut  |X 26680  |7 A000026680 
242 0 0 |a Proposal for rationalization of ergonomic solutions in selected business establishments ELSTER Ltd. Stara Tura  |y eng 
245 1 |a Návrh riešenia ergonomickej racionalizácie vo vybraných prevádzkach podniku ELSTER s. r.o. Stará Turá 
260 |b STU v Bratislave MTF UPMK,  |c 2010 
650 7 |a ergonómia  |2 stusub 
650 7 |a pracovné prostredie  |2 stusub 
650 7 |a racionalizácia  |2 stusub 
700 1 |a Hatiar, Karol,  |d 1949-  |4 ths  |u M4000  |U MTF Materiálovotechnologická fakulta  |T MTF Ústav priemyselného inžinierstva a manažmentu  |X 326  |U M4000  |Y 84  |7 A000000326 
856 4 |a info a plný text  |u http://is.stuba.sk/zp/portal_zp.pl?podrobnosti=58288  |3 VAIS 
996 |c M*DP-9449  |l MMSKP  |s P  |a 0  |w stu206641_0001